000 00586nam a2200181 a 4500
008 120416s1994 ||||||||||||||||| || u
020 _a0582231604
050 _aHD 82 Tod
100 _aTodaro, Michael P
245 1 0 _aEconomic development
250 _a5th ed.
260 _aHarlow
_bLongman
_c1994
300 _axxxii, 719p. : ill
350 _a0.00
650 0 _aECONOMICS
650 0 _aECONOMIC DEVELOPMENT--AFRICA, SUB-SAHARAN
995 _D0.00
_FCBU-MAIN LIBRARY (Kitwe)
_H1
_I21.99
_M1
_UDAMAGED
_ZMain Library Open Access Collection
999 _c40780
_d40780